| 000 | 01077cam a2200301 4500 | ||
|---|---|---|---|
| 001 | 1191833 | ||
| 003 | ARRUPE | ||
| 005 | 20160323095742.0 | ||
| 008 | 691125r19691896nyu 001 0 eng | ||
| 010 | _a 69020337 //r84 | ||
| 020 | _a0807101494 | ||
| 035 | _a(OCoLC)ocm00023786 | ||
| 035 | _a(NNC)1191833 | ||
| 040 |
_aDLC _cDLC _dm.c. _dZCU |
||
| 050 | 0 |
_aE441 _b.D81 1969 |
|
| 082 | _a380.1/44/0973 | ||
| 100 | 1 |
_aDu Bois, W. E. B. _q(William Edward Burghardt), _d1868-1963. _923222 |
|
| 245 | 1 | 4 |
_aThe suppression of the African slave-trade to the United States of America, 1638-1870. _cby Du Bois, W. E. B. |
| 260 |
_aNew York, _bLouisiana State University Press _c1969 |
||
| 300 |
_axviii, 335p.; _c21 cm. |
||
| 490 | 1 | _aSourcebooks in Negro history | |
| 500 | _aA reprint of the 1896 ed. with a new introd. by A. Norman Klein, and the "Apologia" of the author, dated 1954. | ||
| 650 | 0 |
_aSlave trade _zUnited States. _923223 |
|
| 650 | 0 |
_aSlave trade _921745 |
|
| 830 | 0 |
_aSourcebooks in Negro history. _923224 |
|
| 942 |
_2lcc _cMONOGRAPH |
||
| 999 |
_c124443 _d124443 |
||